00498nam a22001697a 4500003000400000008004100004020001800045082002000063100001700083245005800100260004500158300001800203650002600221650003800247650002500285700001800310OSt260220b2012 |||||||| |||| 00| 0 eng d a9781259005039 a658.4031bGUP-B aGupta, S. L. aBusiness research methods /cS.L. Gupta, Hitesh Gupta aChennai :bMcGraw Hill Education,c2012. axix, 440 p. ; aManagement - Research aBusiness - Research - Methodology aBusiness - Research  aGupta, Hitesh